000 00508nam a2200157 a 4500
001 000031482
005 20200930062948.0
008 110627s1965 dr r 000 0 spa d
040 _aDO-SdBNP
_bspa
_cBNPHU
082 _axxx
_bO23i
100 1 _aOdena, Isidro J.
_957870
245 1 3 _aLa intervención ilegal en Santo Domingo /
_cIsidro J. Odena ; prólogo Arturo Frondizi.
260 _aBuenos Aires, Argentina :
_bDesarrollo,
_c1965.
300 _a79 p. ;
_c9 cm.
700 1 _aFrondizi, Arturo,
_epról.
_957871
999 _c30974
_d30974